000 01517nam a2200337 c 4500
003 BLK
005 20240314005347.0
008 180408b bul|||||r ||||||| ||bul||
010 _aKNG00079944000
020 _a978-954-607-758-5
_bиздат.: ЛИК
040 _aBLK
041 _aBUL
_cBUL
080 _aЕвропейски съюз - политически аспекти
_b327.7:061.1ЕС
_x
_z327.7:061.1ЕС
100 1 _aВан Гервен, Валтер
_eпърви автор
_9297463
700 _aМиланова, Станислава Александрова
_gПреводач от английски и руски език.
_d1967-
_qМиланова-Леонтиева, Станислава Александрова
_9363380
139 _aВан Гервен, Валтер
_bВ 19
245 1 0 _aЕвропейският съюз
_bПолит. общност на държави и народи
_cВалтер Ван Гервен; прев. от англ. Станислава Миланова.
257 _aBEL
260 София
_bЛИК
_c2007
300 _a468 с.
_c22 см
380 _a3
500 _aОриг. загл. The European Union / Walter van Gerven. - Офс. изд.
650 4 _aЕвропейски съюз
_9258188
653 _aЕвропейски съюз
852 _aЦб 237409
856 4 _qpdf
_u
856 4 _qpdf
_u
942 _cKNG
_n0
_03
944 _aCR
_c06.12.2007
_k
_lCRON CRON
944 _aED
_c11.12.2007
_k
999 _c75526
_d75526